00831nam a22002417a 450000500170000001000110001702000100002803500110003803700160004904000120006508200170007710000270009424501160012126000430023727000100028030000240029050000510031465000310036565000220039694200260041899900190044495201260046320170124105958.0 a324890 c00.00 a324890 bCen Lib/Ret aDPLbEN a301.243bSCH aSchramm, Wilbur915146 aMass media and national development :cby Wilbur Schrammbthe role of information in the developing countries / aParisbStanford University Pressc1964 bParis axiv,333p.c21cm(Hb) aIncludes bibliographic references and index  aDeveloping countries96550 aMass media991822 2ddccENh301.243mSCH c125679d125679 00104070aLbLd2015-06-22eCen Lib/Ret g0.00l0o301.243 SCHp324890r2015-06-22 00:00:00t1v0.00w2015-06-22yEN